Súčasnosť a budúcnosť (plávanie, SSR)

Bibliographic Details
Main Author: Nemeček, Eduard (Author)
Format: Article
Language:Slovak
Subjects:

MARC

LEADER 00000nab a2200000 a 4500
001 vtls009960680
003 SK-MaSNL
005 20260426071023.0
008 091016 1972 xo 000 0 slo
015 |a SNBRB1972  |2 snkbucl 
040 |a SNKBUCL  |b slo  |c SNKBUCL  |e AACR2 
041 0 |a slo 
044 |a xo  |c SK 
080 |a 797.21  |x (437.6)  |2 2001 
100 1 |a Nemeček, Eduard  |4 aut  |9 624315 
245 1 0 |a Súčasnosť a budúcnosť  |b (plávanie, SSR)  |c Eduard Nemeček 
650 0 7 |a plávanie  |2 snkbucl  |9 3241 
651 7 |a Slovensko  |2 snkbucl  |9 14231 
773 0 |t Vodní sporty  |g Roč. 24, č. 7 (1972), s. 1-2 
999 |c 2673713  |d 2675643